Salud mental. (Registro nro. 1001)
[ vista simple ]
| 000 -LEADER | |
|---|---|
| fixed length control field | 01407nam a2200349 a 4500 |
| 008 - CAMPO DE CONTROL (LIBRO) | |
| fixed length control field | 110916n ag ||||f |||| 00| 0 spa d |
| 020 ## - INTERNATIONAL STANDARD BOOK NUMBER | |
| ISBN | S/N |
| 041 ## - CODIGO DE IDIOMA | |
| Código de idioma del texto/pista de sonido o título separado | spa |
| 092 ## - SIGNATURA TOPOGRAFICA DEWEY LOCAL | |
| número de clasificación | 616.89 |
| libristica | 77 |
| sección | SAL |
| 245 ## - TITULO PROPIAMENTE DICHO | |
| Título | Salud mental. |
| Subtítulo y Título paralelo | Su inserción en el primer nivel de atención / |
| Mención de responsabilidad y remanente de la transcripción de la portada | Aldo Ferrante |
| 250 ## - MENCION DE EDICION | |
| Mención de edición | 1a ed. |
| 260 ## - PIE DE IMPRENTA | |
| Lugar de publicación, distribución, etc | S/L: |
| Nombre de la editorial, distribuidor, etc | Instituto Nacional de Servicios Sociales para Jubilados y Pensionados; |
| Fecha de publicación | S/F. |
| 300 ## - DESCRIPCION FISICA | |
| Extension | 336 p. |
| 500 ## - NOTA GENERAL | |
| Nota general | Ferrante, A. et al. (s.f.). Salud mental. Su inserción en el primer nivel de atención. (1a ed.). S/L : Instituto Nacional de Servicios Sociales para Jubilados y Pensionados. |
| 590 ## - NOTAS LOCALES (RLIN) | |
| Nota local | Donación Septiembre 2011 |
| 653 ## - TÉRMINO INDIZADO - PALABRAS CLAVES | |
| Palabra clave | Organización del sistema de la atención primaria en salud |
| 653 ## - TÉRMINO INDIZADO - PALABRAS CLAVES | |
| Palabra clave | Atención médica primaria y atención primaria de la salud |
| 653 ## - TÉRMINO INDIZADO - PALABRAS CLAVES | |
| Palabra clave | Perfil profesional del médico de cabecera |
| 653 ## - TÉRMINO INDIZADO - PALABRAS CLAVES | |
| Palabra clave | Salud, identidad y conflictos |
| 653 ## - TÉRMINO INDIZADO - PALABRAS CLAVES | |
| Palabra clave | Relación médico-paciente |
| 653 ## - TÉRMINO INDIZADO - PALABRAS CLAVES | |
| Palabra clave | Psicoanalisis y medicina |
| 653 ## - TÉRMINO INDIZADO - PALABRAS CLAVES | |
| Palabra clave | Salud mental, atención primaria y necesidades comunirarias |
| 653 ## - TÉRMINO INDIZADO - PALABRAS CLAVES | |
| Palabra clave | Historia clínica |
| 653 ## - TÉRMINO INDIZADO - PALABRAS CLAVES | |
| Palabra clave | Cuadros psicopatológicos |
| 653 ## - TÉRMINO INDIZADO - PALABRAS CLAVES | |
| Palabra clave | Tercera edad |
| 700 1# - ENTRADAS SECUNDARIAS - NOMBRE PERSONAL | |
| Nombre personal | Ferrante, Aldo |
| 9 (RLIN) | 1613 |
| 700 1# - ENTRADAS SECUNDARIAS - NOMBRE PERSONAL | |
| Nombre personal | De Rose, Tulio |
| 9 (RLIN) | 1614 |
| 700 1# - ENTRADAS SECUNDARIAS - NOMBRE PERSONAL | |
| Nombre personal | Pellet Lastra, María Andrea |
| 9 (RLIN) | 1615 |
| 700 1# - ENTRADAS SECUNDARIAS - NOMBRE PERSONAL | |
| Nombre personal | Enriquez, Horacio |
| 9 (RLIN) | 1616 |
| 700 1# - ENTRADAS SECUNDARIAS - NOMBRE PERSONAL | |
| Nombre personal | Corach, Julio Rodolfo |
| 9 (RLIN) | 1617 |
| 942 ## - ADDED ENTRY ELEMENTS (KOHA) | |
| Source of classification or shelving scheme | Dewey Decimal Classification |
| Item type | Libros |
| Estado de retiro | Existencia | Fuente de clasificación | Estado general | No para prestamo | Colección | Ubicación permanente | ubicación actual | Sala de ubicación | Fecha de adquisición | Total Checkouts | Número de clasificación | Código de barras | Date last seen | Date last borrowed | Número de ejemplar | Price effective from | Koha tipo de elemento (item) | Public note |
|---|---|---|---|---|---|---|---|---|---|---|---|---|---|---|---|---|---|---|
| Dewey Decimal Classification | Reference | Biblioteca Medicina | Biblioteca Medicina | Referencia | 16/09/2011 | 1 | 616.89 77 SAL | 2460 | 06/11/2014 | 09/04/2012 | Ej. 1 | 16/09/2011 | Reference | LIBRO DE CONSULTA |